000 00675nam a2200217 a 4500
001 000006266
005 20250509170321.0
008 090827s1997 dr 001 spa d
040 _aDO-SdBNP
082 _a370.19
_bF962e
100 1 _aFulcar E. , Roberto
_d1962
_917511
245 1 0 _aEducación, gremialismo y democracia /
_cRoberto Fulcar E.
260 _aSanto Domingo, :
_bLa imprenta,
_c1997.
300 _a207 p. ;
_c20 cm.
500 _aIncluye datos biográficos
590 _aDos ejemplares autografíados
650 0 _aEducación
_951588
650 4 _aAutonomia en la educación
_917512
700 1 _aMoquete de la Rosa, Jacobo
_eprólogo
_91678
049 _aBNPD
999 _c6061
_d6061